The Grand Titration: (Record no. 122076)
[ view plain ]
| 000 -LEADER | |
|---|---|
| fixed length control field | 00509nam a22001577a 4500 |
| 008 - FIXED-LENGTH DATA ELEMENTS--GENERAL INFORMATION | |
| fixed length control field | 150218b xxu||||| |||| 00| 0 eng d |
| 020 ## - INTERNATIONAL STANDARD BOOK NUMBER | |
| International Standard Book Number | 0049310054 |
| 050 ## - LIBRARY OF CONGRESS CALL NUMBER | |
| Classification number | Q127.C5 N49 |
| 100 ## - MAIN ENTRY--PERSONAL NAME | |
| Personal name | Needhan, Joseph |
| 9 (RLIN) | 15218 |
| 245 ## - TITLE STATEMENT | |
| Title | The Grand Titration: |
| Remainder of title | science and society in east and west |
| Statement of responsibility, etc | Joseph Needham |
| 260 ## - PUBLICATION, DISTRIBUTION, ETC. (IMPRINT) | |
| Place of publication, distribution, etc | London |
| Name of publisher, distributor, etc | George Allen and Unwin LTD. |
| Date of publication, distribution, etc | 1969 |
| 300 ## - PHYSICAL DESCRIPTION | |
| Extent | 350p. ; |
| Dimensions | 23cm. |
| 650 ## - SUBJECT ADDED ENTRY--TOPICAL TERM | |
| Topical term or geographic name as entry element | Science and civilization |
| 9 (RLIN) | 2023 |
| 650 ## - SUBJECT ADDED ENTRY--TOPICAL TERM | |
| Topical term or geographic name as entry element | Science |
| General subdivision | History |
| Geographic subdivision | China |
| 9 (RLIN) | 15219 |
| 942 ## - ADDED ENTRY ELEMENTS (KOHA) | |
| Source of classification or shelving scheme | Library of Congress Classification |
| Item type | Monograph ( Printed materials) |
| Withdrawn status | Lost status | Source of classification or shelving scheme | Damaged status | Not for loan | Collection code | Home library | Current library | Shelving location | Date acquired | Total Checkouts | Full call number | Barcode | Date last seen | Price effective from | Koha item type |
|---|---|---|---|---|---|---|---|---|---|---|---|---|---|---|---|
| Library of Congress Classification | Main Collection | ARRUPE LIBRARY | ARRUPE LIBRARY | Main Collection | 18/02/2015 | Q127.C5 N49 | 46500002903 | 03/07/2019 | 18/02/2015 | Monograph ( Printed materials) |